Нейросетевая система технической диагностики бортовой аппаратуры; Молодежь и современные информационные технологии; Т. 1

Dades bibliogràfiques
Parent link:Молодежь и современные информационные технологии: сборник трудов XII Всероссийской научно-практической конференции студентов, аспирантов и молодых ученых, г. Томск, 12-14 ноября 2014 г./ Национальный исследовательский Томский политехнический университет (ТПУ), Институт кибернетики (ИК) ; ред. кол. Е. А. Сикора [и др.].— , 2014
Т. 1.— 2014.— [С. 293-294]
Autor principal: Николаева Н. С. Наталия Сергеевна
Autor corporatiu: Национальный исследовательский Томский политехнический университет (ТПУ) Институт кибернетики (ИК) Кафедра интегрированных компьютерных систем управления (ИКСУ)
Altres autors: Богомолов Е. Н. Евгений Николаевич
Sumari:Заглавие с титульного экрана
Idioma:rus
Publicat: 2014
Col·lecció:Интеллектуальные и виртуальные системы
Matèries:
Accés en línia:http://earchive.tpu.ru/handle/11683/20136
http://www.lib.tpu.ru/fulltext/c/2014/C04/V1/138.pdf
Format: MixedMaterials Electrònic Capítol de llibre
KOHA link:https://koha.lib.tpu.ru/cgi-bin/koha/opac-detail.pl?biblionumber=610654

MARC

LEADER 00000naa2a2200000 4500
001 610654
005 20231101132622.0
035 |a (RuTPU)RU\TPU\conf\8287 
035 |a RU\TPU\conf\8285 
090 |a 610654 
100 |a 20150202d2014 k y0rusy50 ca 
101 0 |a rus 
102 |a RU 
105 |a y z 101zy 
135 |a drcn ---uucaa 
181 0 |a i  
182 0 |a b 
200 1 |a Нейросетевая система технической диагностики бортовой аппаратуры  |f Н. С. Николаева, Е. Н. Богомолов 
203 |a Текст  |c электронный 
225 1 |a Интеллектуальные и виртуальные системы 
230 |a 1 компьютерный файл (pdf; 271 Kb) 
300 |a Заглавие с титульного экрана 
320 |a [Библиогр.: с. 294 (3 назв.)] 
337 |a Adobe Reader 
461 1 |0 (RuTPU)RU\TPU\conf\7802  |t Молодежь и современные информационные технологии  |o сборник трудов XII Всероссийской научно-практической конференции студентов, аспирантов и молодых ученых, г. Томск, 12-14 ноября 2014 г.  |o в 2 т.  |f Национальный исследовательский Томский политехнический университет (ТПУ), Институт кибернетики (ИК) ; ред. кол. Е. А. Сикора [и др.]  |d 2014 
463 0 |0 (RuTPU)RU\TPU\conf\7790  |t Т. 1  |v [С. 293-294]  |d 2014 
610 1 |a труды учёных ТПУ 
610 1 |a электронный ресурс 
610 1 |a нейросетевые системы 
610 1 |a техническая диагностика 
610 1 |a бортовая аппаратура 
610 1 |a спутниковая аппаратура 
610 1 |a отказы 
610 1 |a диагностика 
610 1 |a инженерные решения 
700 1 |a Николаева  |b Н. С.  |c специалист в области информатики и вычислительной техники  |c программист Томского политехнического университета  |f 1985-  |g Наталия Сергеевна  |2 stltpush  |3 (RuTPU)RU\TPU\pers\31771 
701 1 |a Богомолов  |b Е. Н.  |c специалист в области автоматизированных систем управления  |c ассистент Томского политехнического университета  |f 1985-  |g Евгений Николаевич  |2 stltpush  |3 (RuTPU)RU\TPU\pers\30676 
712 0 2 |a Национальный исследовательский Томский политехнический университет (ТПУ)  |b Институт кибернетики (ИК)  |b Кафедра интегрированных компьютерных систем управления (ИКСУ)  |h 131  |2 stltpush  |3 (RuTPU)RU\TPU\col\18701 
801 2 |a RU  |b 63413507  |c 20210319  |g RCR 
856 4 |u http://earchive.tpu.ru/handle/11683/20136 
856 4 |u http://www.lib.tpu.ru/fulltext/c/2014/C04/V1/138.pdf 
942 |c BK